Guess the NBA Player by jersey - Statistics

General Stats
  • This quiz has been taken 209 times
  • The average score is 12 of 15
Answer Stats
Picture Answer % Correct
lebron james
100%
stephen curry
100%
anthony edwards
98%
jalen brunson
97%
damian lillard
94%
karl anthony towns
93%
cade cunningham
85%
jimmy butler
81%
pascal siakam
81%
chet holmgren
78%
derrick white
78%
josh giddey
74%
bronny james
50%
stephon castle
46%
mortiz wagner
5%
No matching quizzes found
Score Distribution
Percent of People with Each Score
Percentile by Number Answered
Your Score History
You have not taken this quiz